[Event "PHI-ch U08"]
[White "Clarito, Karlycris Jr"]
[Black "Isabedra, Gian Vincent"]
[Site "San Antonio"]
[Round "1"]
[Result "1-0"]
[Date "2014.04.21"]
[WhiteElo "1684"]
[BlackElo "1587"]
[PlyCount "133"]
[EventDate "2014.04.21"]
[EventType "swiss"]
[EventRounds "11"]
[EventCountry "PHI"]
[SourceTitle "CBM 160 Extra"]
[Source "ChessBase"]
[SourceDate "2014.07.01"]
[SourceVersion "1"]
[SourceVersionDate "2014.07.01"]
[SourceQuality "1"]

1. d3 d5 2. c3 e5 3. Qc2 Nc6 4. Nd2 Bc5 5. Ngf3 Nf6 6. h3 Bf5 7. e4 dxe4 8. dxe4 Be6 9. Be2 0-0 10. b4 Bb6 11. a3 a6 12. Bb2 Re8 13. c4 Qd7 14. c5 Ba7 15. 0-0-0 Qc8 16. Nxe5 Nxe5 17. Bxe5 Nd7 18. Bb2 Nf8 19. Qc3 f6 20. Bc4 Bxc4 21. Qxc4+ Kh8 22. Qc3 Bb8 23. g4 c6 24. Nc4 Be5 25. Nxe5 Rxe5 26. f3 Qb8 27. Qc2 Re8 28. Qh2 Qxh2 29. Rxh2 Ng6 30. Rhd2 Nf4 31. h4 Ng6 32. h5 Ne5 33. Bxe5 fxe5 34. Rd7 Rab8 35. Rf7 Kg8 36. Rdd7 g6 37. Rg7+ Kh8 38. Rxh7+ Kg8 39. Rxb7 Rxb7 40. Rxb7 gxh5 41. gxh5 Rf8 42. Rb6 Rxf3 43. Rxa6 Rf1+ 44. Kd2 Rh1 45. Rxc6 Rxh5 46. a4 Rh4 47. Kd3 Rh3+ 48. Kc4 Rh4 49. Kd5 Rh5 50. Re6 Kf7 51. Rxe5 Rxe5+ 52. Kxe5 Ke7 53. Kd5 Kd8 54. Kd6 Kc8 55. e5 Kd8 56. e6 Ke8 57. c6 Kd8 58. e7+ Ke8 59. c7 Kf7 60. Kd7 Kf6 61. e8Q Kf5 62. Qe3 Kf6 63. Qf4+ Kg6 64. Ke7 Kg7 65. Qg5+ Kh8 66. Kf7 Kh7 67. Qh5# 1-0